000 01096nam a2200277Ia 4500
003 GCL
005 20240530103110.0
008 140319s9999 xx 000 0 ara d
040 _aGCL /
_cGCL
082 0 4 _a411.1
_bخ ن
100 1 _aرمضان عبدالتواب
245 1 0 _aثلاثة كتب فى الحروف : للخليل بن احمد وابن السكيت والرازى /
_cرمضان عبدالتواب
260 _a[S.N] :
_bمكتبة الخانجى ،
_c1982
300 _a191 ص
490 _aسلسلة روائع التراث اللغوى
_v0
650 0 4 _aالكتابة
650 0 4 _aاللغة العربية
650 0 4 _aالبلاغة العربية
650 0 4 _aالمعاجم
650 0 4 _aالدلالة
650 0 4 _aالابجدية العربية
700 1 _aالخليل بن احمد : ابو عبدالرحمن الخليل بن احمد بن عمرو بن تميم الفراهيدي 100 - 170
700 1 _aابويوسف يعقوب بن اسحاق الرازى
700 1 _aاحمد بن محمد بن المظفر
942 _2ddc
_cBK
999 _c36806
_d36806